| 000 | 00365nam a2200145Ia 4500 | ||
|---|---|---|---|
| 008 | 230917s9999||||xx |||||||||||||| ||und|| | ||
| 040 |
_e36556 _aMAIN |
||
| 041 | _aEnglish | ||
| 082 | _a954.01 D26E | ||
| 100 | _aDas, Santosh Kumar | ||
| 245 | 4 | _aThe economic history of ancient India | |
| 260 |
_aAllahabad _bVohra _c1980 |
||
| 300 | _axvi, 174 p. | ||
| 942 | _cBK | ||
| 999 |
_c206062 _d206062 |
||